00540nam a22001577a 4500020001500000041000800015082001500023100002300038245010500061260004100166300000800207650001000215942000700225952013300232999001700365 a9187748797 aeng a303.66 HEI aHeinrich, Wolfgang aBuilding the Peace: Experiences and Refklections of Collaborative Peacebuilding: The Case of Somalia aSwedenbLife & Peace Institutec1997 a251 aPeace cBK 001040708NFICaHMIbHMIcGENd2022-06-24eDr. Andreas D'Souza collectionl0o303.66 HEIp11002903r2022-06-24w2022-06-24yBK c23265d23265